The Black Death Quiz - Statistics

General Stats
  • This quiz has been taken 212 times
  • The average score is 7 of 18
Answer Stats
Hint Answer % Correct
What illnesses caused the Black Death? {Bubonic} Plague
82%
What animal originally carries the plague? Rat
77%
What European Country did the plague hit first? Italy
67%
What animal gives the plague to humans? Flea
64%
Doctors wore masks shapes like what animal? Bird
63%
What group of people were blamed for the Black Death? Jews
56%
What country did the plague move on to after hitting Western Europe? Russia
45%
What country suffered most from the Plague? China
44%
What empire brought the plague to Europe? Mongol Empire
43%
What is the name for the black bumps that appeared if you got the plague? Buboe
34%
What European Country was relatively unaffected? Poland
30%
Flagellants tried to prove that they should not get the plague by doing what? Whipping Themselves
28%
{Pneumonic} Plague
25%
What Island Nation that experienced an outbreak in 2017? Madagascar
22%
What major event did the plague pave the way for? Renaissance
18%
What city experienced a previous smaller outbreak in the 500s? Constantinople
12%
Who was Pope during the plague? Pope Clement VI
6%
In which French City were 2,000 of the above burned on Friday the 13th? Strasbourg
3%
No matching quizzes found
Score Distribution
Percent of People with Each Score
Percentile by Number Answered
Your Score History
You have not taken this quiz